| 000 | 01320nam0a2200361 4500 | ||
|---|---|---|---|
| 001 | RU\NLR\bibl\179072 | ||
| 005 | 20250618062446.0 | ||
| 010 |
_a5-7378-0034-2 _bВ пер. _910000 |
||
| 021 |
_aRU _b2001-20223 _9952 |
||
| 035 | _a(NLR Aleph) 000175753 | ||
| 090 |
_a1013762 _c1013762 |
||
| 100 | _a20010724d2000 |||y0rusy50 ca | ||
| 101 | 0 | _arus | |
| 102 | _aRU | ||
| 105 | _aac ||||||||| | ||
| 200 | 1 |
_aИстория Мурманского тралового флота. Хроника. 1971-2000 годы _f[Инна Березюк] |
|
| 210 |
_aПетрозаводск _cБ. и. _d2000 |
||
| 215 |
_a176,[1] с., [6] л. ил. _cпортр. _d22 |
||
| 300 | _aАвт. указан на пер. | ||
| 601 | 0 | 2 |
_aМурманский траловый флот _xИстория _z1971 - 2000 _92217357 _3RU\NLR\auth\661331661 |
| 601 | 0 | 2 |
_aМурманский траловый флот _2psbo |
| 610 | 0 | _aРыбопромысловый флот - История | |
| 675 |
_a639.2.065(470.21)(091) _v3 _zrus |
||
| 686 |
_a69 _2rugasnti |
||
| 686 |
_a47.2т _2rubbk |
||
| 686 | _aП722.7г | ||
| 700 | 1 |
_aБерезюк _gИнна Петровна _4070 |
|
| 801 | 0 |
_aRU _bRKP _c20010724 _gPSBO |
|
| 801 | 1 |
_aRU _bRKP _c20010724 |
|
| 801 | 2 |
_aRU _bNLR _c20010924 _grcr |
|
| 942 | _cBOOK | ||
| 980 | _aNB | ||